Discurso inaugural pronunciado en la solemne apertura del curso académico 1956-57 / (Record no. 143690)
[ view plain ]
| 000 -LEADER | |
|---|---|
| campo de control de longitud fija | 00819nam a2200217 4500 |
| 001 - NÚMERO DE CONTROL | |
| campo de control | 143690 |
| 003 - IDENTIFICADOR DE NÚMERO DE CONTROL | |
| campo de control | ES-MaACL |
| 005 - FECHA Y HORA DE LA ÚLTIMA TRANSACCIÓN | |
| campo de control | 20251220172720.0 |
| 007 - CAMPO FIJO DE DESCRIPCIÓN FÍSICA--INFORMACIÓN GENERAL | |
| campo de control de longitud fija | t| |
| 008 - DATOS DE LONGITUD FIJA--INFORMACIÓN GENERAL | |
| campo de control de longitud fija | 070214s1956 sp r ||||1| spa d |
| 100 1# - ENTRADA PRINCIPAL--NOMBRE DE PERSONA | |
| Nombre de persona | Setién, José María. |
| 9 (RLIN) | 105897 |
| 245 10 - MENCIÓN DEL TÍTULO | |
| Título | Discurso inaugural pronunciado en la solemne apertura del curso académico 1956-57 / |
| Mención de responsabilidad, etc. | por el Dr. D. José María Setién Alberro. |
| 260 ## - PUBLICACIÓN, DISTRIBUCIÓN, ETC. | |
| Lugar de publicación, distribución, etc. | Vitoria : |
| Nombre del editor, distribuidor, etc. | [s. n.], |
| Fecha de publicación, distribución, etc. | 1956 ( |
| Fabricante | Imp. del Montepío Diocesano) |
| 300 ## - DESCRIPCIÓN FÍSICA | |
| Extensión | 144 p. ; |
| Dimensiones | 21 cm. |
| 500 ## - NOTA GENERAL | |
| Nota general | Precede al tít.: Seminario Diocesano de Vitoria, Institutos Seculares para el Clero Diocesano. |
| 655 #4 - TERMINO DE INDIZACIÓN--GENERO/FORMA | |
| 9 (RLIN) | 226841 |
| Datos o término principal de género/forma | Discursos |
| 710 20 - ENTRADA AGREGADA--NOMBRE DE ENTIDAD CORPORATIVA | |
| Nombre de entidad corporativa o nombre de jurisdicción como elemento de entrada | Seminario Diocesano de Vitoria |
| 9 (RLIN) | 209764 |
| 852 ## - LOCALIZACIÓN | |
| Ubicación | ES-MaACL |
| Sublocalización o colección | R.41003 |
| itemnumber | 148878 |
| Ubicación en estantería | Sala Palomar |
| Número de control de estantería | C-12406 |
| 942 ## - ELEMENTOS DE ENTRADA SECUNDARIOS (KOHA) | |
| Fuente del sistema de clasificación o colocación | Clasificación decimal universal |
| Estatus retirado | Estado de pérdida | Fuente del sistema de clasificación o colocación | Estado de daño | No para préstamo | Biblioteca de origen | Biblioteca actual | Ubicación en estantería | Fecha de adquisición | Total de préstamos | Signatura topográfica completa | Código de barras | Visto por última vez | Precio de reemplazo | Tipo de ítem Koha |
|---|---|---|---|---|---|---|---|---|---|---|---|---|---|---|
| Clasificación decimal universal | Biblioteca del Ateneo de Madrid | Biblioteca del Ateneo de Madrid | Sala Palomar | 17/01/2008 | C-12406 | 1149496 | 23/02/2023 | 23/02/2023 | Libro impreso |
